01634 2200337 4500001002100000005001500021035002000036007000300056008004100059020002200100082001000122084001900132100001800151245023800169250003500407300004300442650001000485650001300495700003100508700003300539700003400572700003400606700003500640700002400675520045300699264005401152336002101206337003001227338002301257990001601280INLIS00000000116327320230726080423 a0010-0623000066ta230726 g 0 ind  a978-623-359-120-1 a589.3 aSR 589.3 ARI b0 aArief Budiman1 aBiorefinery mikroalga :bdari mikroalga menjadi energi, material, komponen aktif, pangan dan pakan /cArief Budiman, Eko Agus Suyono, Nugroho Dewayanto, Putri Restu Dewati, Yano Surya Pradana, Teta Fahya Widawati; editor, Dewi Surani aCetakan pertama: Februari 2023 axii, 202 halaman :bilustrasi ;c23 cm 4aAlgae 4aGanggang0 aEko Agus Suyonoepengarang0 aNugroho Dewayantoepengarang0 aPutri Restu Dewatiepengarang0 aYano Surya Pradanaepengarang0 aTeta Fahya Widawatiepengarang0 aDewi Suranieeditor aMikroalga merupakan mikroorganisme fotosintetik berukuran 5-100 mikron. Sampai saat ini pemanfaatan tanaman mikro ini belum dilakukan secara maksimal. Padahal, tanaman yang dapat tumbuh di air laut maupun air tawar ini banyak sekali manfaatnya. Setidaknya, mikroalga mempunyai potensi sebagia bahan baku energi terbarukan. Mikroalga dapat dijadikan sebagai bahan baku untuk produksi biodiesel, bio-oil, bioetanol, biohidrogen, biogas dan biometana. aYogyakarta :bGadjah Mada University Press,c2023 2rdacontentateks 2rdamediaatanpa perantara 2rdacarrieravolume a51998.64818